ALL RuPaul's Drag Race All Stars Queens - Statistics

General Stats
  • This quiz has been taken 225 times
    29 since last reset
  • The average score is 111 of 129
Answer Stats
Season Placement Drag Queen % Correct
⭐️ RuPaul's Drag Race All Stars ⭐️-Season 2- 9th[Quit] Adore Delano
100%
⭐️ RuPaul's Drag Race All Stars ⭐️-Season 2- 🏆 WINNER 🏆 Alaska
100%
⭐️ RuPaul's Drag Race All Stars ⭐️-Season 1- 5th/6th Alexis Mateo
100%
⭐️ RuPaul's Drag Race All Stars ⭐️-Season 5- 5th Alexis Mateo
100%
⭐️ RuPaul's Drag Race All Stars ⭐️-Season 2- 5th[Orig. 6th] Alyssa Edwards
100%
⭐️ RuPaul's Drag Race All Stars ⭐️-Season 3- 3rd/4th BeBe Zahara Benet
100%
⭐️ RuPaul's Drag Race All Stars ⭐️-Season 3- 6th[Quit] BenDeLaCreme
100%
⭐️ RuPaul's Drag Race All Stars ⭐️-Season 1- 🏆 WINNER 🏆 Chad Michaels
100%
⭐️ RuPaul's Drag Race All Stars ⭐️-Season 2- 8th Ginger Minj
100%
⭐️ RuPaul's Drag Race All Stars ⭐️-Season 6- 🥈 Runner-Up 🥈 Ginger Minj
100%
⭐️ RuPaul's Drag Race All Stars ⭐️-Season 10- 🏆 WINNER 🏆 Ginger Minj
100%
⭐️ RuPaul's Drag Race All Stars ⭐️-Season 7- 🏆 WINNER 🏆 Jinkx Monsoon
100%
⭐️ RuPaul's Drag Race All Stars ⭐️-Season 1- 3rd/4th Jujubee
100%
⭐️ RuPaul's Drag Race All Stars ⭐️-Season 5- 🥈 Runner-Up 🥈 Jujubee
100%
⭐️ RuPaul's Drag Race All Stars ⭐️-Season 6- 🏆 WINNER 🏆 Kylie Sonique Love
100%
⭐️ RuPaul's Drag Race All Stars ⭐️-Season 1- 7th/8th Latrice Royale
100%
⭐️ RuPaul's Drag Race All Stars ⭐️-Season 4- 5th[Orig. 7th] Latrice Royale
100%
⭐️ RuPaul's Drag Race All Stars ⭐️-Season 1- 7th/8th Manila Luzon
100%
⭐️ RuPaul's Drag Race All Stars ⭐️-Season 4- 6th Manila Luzon
100%
⭐️ RuPaul's Drag Race All Stars ⭐️-Season 1- 11th/12th Mimi Imfurst
100%
⭐️ RuPaul's Drag Race All Stars ⭐️-Season 4- 🏆 WINNER 🏆 Monét X Change
100%
⭐️ RuPaul's Drag Race All Stars ⭐️-Season 7- 🥈 Runner-Up 🥈 Monét X Change
100%
⭐️ RuPaul's Drag Race All Stars ⭐️-Season 2- 7th Phi Phi O'Hara
100%
⭐️ RuPaul's Drag Race All Stars ⭐️-Season 7- 5th-8th Raja
100%
⭐️ RuPaul's Drag Race All Stars ⭐️-Season 2- 4th Roxxxy Andrews
100%
⭐️ RuPaul's Drag Race All Stars ⭐️-Season 9- 🥈 Runner-Up 🥈 Roxxxy Andrews
100%
⭐️ RuPaul's Drag Race All Stars ⭐️-Season 5- 🏆 WINNER 🏆 Shea Couleé
100%
⭐️ RuPaul's Drag Race All Stars ⭐️-Season 7- 3rd/4th Shea Couleé
100%
⭐️ RuPaul's Drag Race All Stars ⭐️-Season 4- 🏆 WINNER 🏆 Trinity The Tuck
100%
⭐️ RuPaul's Drag Race All Stars ⭐️-Season 7- 3rd/4th Trinity The Tuck
100%
⭐️ RuPaul's Drag Race All Stars ⭐️-Season 3- 🏆 WINNER 🏆 Trixie Mattel
100%
⭐️ RuPaul's Drag Race All Stars ⭐️-Season 3- 7th Aja
94%
⭐️ RuPaul's Drag Race All Stars ⭐️-Season 10- 5th-8th Aja
94%
⭐️ RuPaul's Drag Race All Stars ⭐️-Season 2- 10th Coco Montrese
94%
⭐️ RuPaul's Drag Race All Stars ⭐️-Season 11- TBD Crystal Methyd
94%
⭐️ RuPaul's Drag Race All Stars ⭐️-Season 2- 🥈 Runner-Up 🥈 Detox
94%
⭐️ RuPaul's Drag Race All Stars ⭐️-Season 6- 🥈 Runner-Up 🥈[Orig. 5th] Eureka!
94%
⭐️ RuPaul's Drag Race All Stars ⭐️-Season 4- 8th Gia Gunn
94%
⭐️ RuPaul's Drag Race All Stars ⭐️-Season 7- 5th-8th Jaida Essence Hall
94%
⭐️ RuPaul's Drag Race All Stars ⭐️-Season 6- 7th Jan
94%
⭐️ RuPaul's Drag Race All Stars ⭐️-Season 2- 🥈 Runner-Up 🥈 Katya
94%
⭐️ RuPaul's Drag Race All Stars ⭐️-Season 3- 9th Milk
94%
⭐️ RuPaul's Drag Race All Stars ⭐️-Season 5- 🥈 Runner-Up 🥈 Miz Cracker
94%
⭐️ RuPaul's Drag Race All Stars ⭐️-Season 3- 5th[Orig. 10th] Morgan McMichaels
94%
⭐️ RuPaul's Drag Race All Stars ⭐️-Season 11- TBD Morgan McMichaels
94%
⭐️ RuPaul's Drag Race All Stars ⭐️-Season 1- 11th/12th Pandora Boxx
94%
⭐️ RuPaul's Drag Race All Stars ⭐️-Season 6- 6th Pandora Boxx
94%
⭐️ RuPaul's Drag Race All Stars ⭐️-Season 1- 🥈 Runner-Up 🥈 Raven
94%
⭐️ RuPaul's Drag Race All Stars ⭐️-Season 6- 13th Serena ChaCha
94%
⭐️ RuPaul's Drag Race All Stars ⭐️-Season 3- 3rd/4th Shangela
94%
⭐️ RuPaul's Drag Race All Stars ⭐️-Season 1- 3rd/4th Shannel
94%
⭐️ RuPaul's Drag Race All Stars ⭐️-Season 9- 4th-8th Shannel
94%
⭐️ RuPaul's Drag Race All Stars ⭐️-Season 6- 11th Silky Nutmeg Ganache
94%
⭐️ RuPaul's Drag Race All Stars ⭐️-Season 11- TBD Silky Nutmeg Ganache
94%
⭐️ RuPaul's Drag Race All Stars ⭐️-Season 1- 9th/10th Tammie Brown
94%
⭐️ RuPaul's Drag Race All Stars ⭐️-Season 2- 6th[Orig. 8th] Tatianna
94%
⭐️ RuPaul's Drag Race All Stars ⭐️-Season 7- 5th-8th The Vivienne
94%
⭐️ RuPaul's Drag Race All Stars ⭐️-Season 6- 5th Trinity K. Bonet
94%
⭐️ RuPaul's Drag Race All Stars ⭐️-Season 1- 5th/6th Yara Sofia
94%
⭐️ RuPaul's Drag Race All Stars ⭐️-Season 6- 10th Yara Sofia
94%
⭐️ RuPaul's Drag Race All Stars ⭐️-Season 7- 5th-8th Yvie Oddly
94%
⭐️ RuPaul's Drag Race All Stars ⭐️-Season 6- 8th A'keria C. Davenport
88%
⭐️ RuPaul's Drag Race All Stars ⭐️-Season 11- TBD A'keria C. Davenport
88%
⭐️ RuPaul's Drag Race All Stars ⭐️-Season 9- 🏆 WINNER 🏆 Angeria Paris VanMichaels
88%
⭐️ RuPaul's Drag Race All Stars ⭐️-Season 11- TBD Dawn
88%
⭐️ RuPaul's Drag Race All Stars ⭐️-Season 5- 10th Derrick Barry
88%
⭐️ RuPaul's Drag Race All Stars ⭐️-Season 4- 9th Farrah Moan
88%
⭐️ RuPaul's Drag Race All Stars ⭐️-Season 5- 6th India Ferrah
88%
⭐️ RuPaul's Drag Race All Stars ⭐️-Season 4- 10th Jasmine Masters
88%
⭐️ RuPaul's Drag Race All Stars ⭐️-Season 6- 12th Jiggly Caliente
88%
⭐️ RuPaul's Drag Race All Stars ⭐️-Season 8- 🏆 WINNER 🏆 Jimbo
88%
⭐️ RuPaul's Drag Race All Stars ⭐️-Season 9- 4th-8th Jorgeous
88%
⭐️ RuPaul's Drag Race All Stars ⭐️-Season 10- 🥈 Runner-Up 🥈 Jorgeous
88%
⭐️ RuPaul's Drag Race All Stars ⭐️-Season 8- 🥈 Runner-Up 🥈 Kandy Muse
88%
⭐️ RuPaul's Drag Race All Stars ⭐️-Season 3- 🥈 Runner-Up 🥈 Kennedy Davenport
88%
⭐️ RuPaul's Drag Race All Stars ⭐️-Season 11- TBD Kennedy Davenport
88%
⭐️ RuPaul's Drag Race All Stars ⭐️-Season 10- 3rd/4th Lydia B Kollins
88%
⭐️ RuPaul's Drag Race All Stars ⭐️-Season 10- 9th Mistress Isabelle Brooks
88%
⭐️ RuPaul's Drag Race All Stars ⭐️-Season 4- 🥈 Runner-Up 🥈 Mo Heart
88%
⭐️ RuPaul's Drag Race All Stars ⭐️-Season 4- 🥈 Runner-Up 🥈 Naomi Smalls
88%
⭐️ RuPaul's Drag Race All Stars ⭐️-Season 10- 11th-18th Nicole Paige Brooks
88%
⭐️ RuPaul's Drag Race All Stars ⭐️-Season 1- 9th/10th Nina Flowers
88%
⭐️ RuPaul's Drag Race All Stars ⭐️-Season 6- 🥈 Runner-Up 🥈 Ra'Jah O'Hara
88%
⭐️ RuPaul's Drag Race All Stars ⭐️-Season 3- 10th Thorgy Thor
88%
⭐️ RuPaul's Drag Race All Stars ⭐️-Season 4- 7th Valentina
88%
⭐️ RuPaul's Drag Race All Stars ⭐️-Season 9- 🥈 Runner-Up 🥈 Vanessa Vanjie Mateo
88%
⭐️ RuPaul's Drag Race All Stars ⭐️-Season 5- 4th Blair St. Clair
82%
⭐️ RuPaul's Drag Race All Stars ⭐️-Season 9- 4th-8th Gottmik
82%
⭐️ RuPaul's Drag Race All Stars ⭐️-Season 8- 8th[Quit] Heidi N Closet
82%
⭐️ RuPaul's Drag Race All Stars ⭐️-Season 8- 3rd Jessica Wild
82%
⭐️ RuPaul's Drag Race All Stars ⭐️-Season 10- 5th-8th(Orig. 10th-18th) Kerri Colby
82%
⭐️ RuPaul's Drag Race All Stars ⭐️-Season 8- 5th LaLa Ri
82%
⭐️ RuPaul's Drag Race All Stars ⭐️-Season 10- 11th-18th Olivia Lux
82%
⭐️ RuPaul's Drag Race All Stars ⭐️-Season 5- 9th Ongina
82%
⭐️ RuPaul's Drag Race All Stars ⭐️-Season 9- 4th-8th Plastique Tiara
82%
⭐️ RuPaul's Drag Race All Stars ⭐️-Season 8- 4th Alexis Michelle
76%
⭐️ RuPaul's Drag Race All Stars ⭐️-Season 3- 8th Chi Chi DeVayne
76%
⭐️ RuPaul's Drag Race All Stars ⭐️-Season 10- 10th Cynthia Lee Fontaine
76%
⭐️ RuPaul's Drag Race All Stars ⭐️-Season 10- 5th-8th Irene the Alien
76%
⭐️ RuPaul's Drag Race All Stars ⭐️-Season 8- 7th Jaymes Mansfield
76%
⭐️ RuPaul's Drag Race All Stars ⭐️-Season 5- 7th Mayhem Miller
76%
⭐️ RuPaul's Drag Race All Stars ⭐️-Season 8- 12th Monica Beverly Hillz
76%
⭐️ RuPaul's Drag Race All Stars ⭐️-Season 11- TBD Morphine Love Dion
76%
⭐️ RuPaul's Drag Race All Stars ⭐️-Season 11- TBD Mystique Summers
76%
⭐️ RuPaul's Drag Race All Stars ⭐️-Season 9- 4th-8th Nina West
76%
⭐️ RuPaul's Drag Race All Stars ⭐️-Season 10- 11th-18th Phoenix
76%
⭐️ RuPaul's Drag Race All Stars ⭐️-Season 11- TBD Sam Star
76%
⭐️ RuPaul's Drag Race All Stars ⭐️-Season 6- 9th Scarlet Envy
76%
⭐️ RuPaul's Drag Race All Stars ⭐️-Season 10- 3rd/4th Bosco
71%
⭐️ RuPaul's Drag Race All Stars ⭐️-Season 8- 9th Darienne Lake
71%
⭐️ RuPaul's Drag Race All Stars ⭐️-Season 10- 11th-18th Denali
71%
⭐️ RuPaul's Drag Race All Stars ⭐️-Season 8- 6th Kahanna Montrese
71%
⭐️ RuPaul's Drag Race All Stars ⭐️-Season 5- 8th Mariah Paris Balenciaga
71%
⭐️ RuPaul's Drag Race All Stars ⭐️-Season 8- 10th Mrs. Kasha Davis
71%
⭐️ RuPaul's Drag Race All Stars ⭐️-Season 10- 11th-18th Tina Burner
71%
⭐️ RuPaul's Drag Race All Stars ⭐️-Season 10- 11th-18th Acid Betty
65%
⭐️ RuPaul's Drag Race All Stars ⭐️-Season 11- TBD April Carrión
65%
⭐️ RuPaul's Drag Race All Stars ⭐️-Season 11- TBD Jasmine Kennedie
65%
⭐️ RuPaul's Drag Race All Stars ⭐️-Season 11- TBD Joey Jay
65%
⭐️ RuPaul's Drag Race All Stars ⭐️-Season 11- TBD Lucky Starzzz
65%
⭐️ RuPaul's Drag Race All Stars ⭐️-Season 10- 5th-8th Daya Betty
59%
⭐️ RuPaul's Drag Race All Stars ⭐️-Season 10- 11th-18th DeJa Skye
59%
⭐️ RuPaul's Drag Race All Stars ⭐️-Season 11- TBD Shuga Cain
59%
⭐️ RuPaul's Drag Race All Stars ⭐️-Season 10- 11th-18th Alyssa Hunter
53%
⭐️ RuPaul's Drag Race All Stars ⭐️-Season 11- TBD Aura Mayari
53%
⭐️ RuPaul's Drag Race All Stars ⭐️-Season 8- 11th Naysha Lopez
53%
⭐️ RuPaul's Drag Race All Stars ⭐️-Season 11- TBD Vivacious
53%
⭐️ RuPaul's Drag Race All Stars ⭐️-Season 11- TBD Salina EsTitties
41%
⭐️ RuPaul's Drag Race All Stars ⭐️-Season 11- TBD Hershii LiqCour-Jeté
35%
No matching quizzes found
Score Distribution
Percent of People with Each Score
Percentile by Number Answered
Your Score History
You have not taken this quiz since the last reset